000 00346nam a2200145Ia 4500
008 191201s2011 xx 000 0 und d
082 _a551
_bREE
100 _aREDDY, Venkat D
245 0 _aEngineering Geology
250 _aRep
260 _aN. Delhi
_bVikas Publication House
_c2011
300 _a658
650 _aB.Tech(CE)
942 _2ddc
_cBK
999 _c5445
_d5445